| 000 | 01789cam a22002655a 4500 | ||
|---|---|---|---|
| 001 | L158558 | ||
| 008 | 140821s2015 xxk f 000 0 eng d | ||
| 035 | _a(Sirsi) u158558 | ||
| 041 | 0 | _aeng | |
| 110 | 2 |
_aRoyal Institution of Chartered Surveyors _94900 |
|
| 240 | _aRICS Futures | ||
| 245 | 0 | 0 |
_aRICS Futures _bOur changing world _blet's be ready _h[electronic resource] |
| 260 |
_aLondon, _bRICS, _c2015 |
||
| 490 | 0 | _aRICS Insight | |
| 490 | 0 | _aRICS Research | |
| 520 | _aFocuses on the major touch points of change that the RICS believe will have a significant impact on the surveying and related buit and natural environment professions. The RICS Futures programme explores the implications of key drivers for change to 2030, from mass urbanisation and the emergence of real estate as an investment class, to the rise of the worldwide middle class and the revolutionary promise of big data. The report identifies six areas where action is required over the next few years to respond to these new social, economic and business environments. These six actions should guide the plans and strategic direction of organisations and professional bodies across the land and built environment sector. Winning the war for talent, having ethics at the heart of what we do, embracing technology and data, creating successful and sustainable cities, take advantage of new opportunities, and developing stronger leadership. | ||
| 590 | _aKA | ||
| 650 | 2 | 4 | _aRICS Futures |
| 651 | 4 | _aInternational | |
| 690 |
_aPlanning and development _96259 |
||
| 700 | 1 | _aCook, Daniel | |
| 700 | 1 | _aChatterjee, Pratichi | |
| 856 | 4 | 8 |
_uhttps://www.rics.org/uk/products/knowledge-and-information-services/ _zPlease contact [email protected] for this archived item in digital format |
| 942 |
_n0 _2ddc |
||
| 999 |
_c115381 _d115381 |
||